Conociendo las hojas /

Guardado en:
Autor Corporativo: Videopedia Britannica.
Formato: Deslizar
Materias:
Etiquetas: Agregar Etiqueta
Sin Etiquetas, Sea el primero en etiquetar este registro!
LEADER 00842ngm a22002535g 4500
001 CEM.cems021647
008 130507b199?##################0###0#####d
005 20240902192244.0
245 1 0 |a Conociendo las hojas /  |c Videopedia Britannica 
300 |a 11 
500 |a En soporte VHS, consultar en ventanilla. 
505 0 |a Esquemas del crecimiento de hojas. Importancia de la clorofila. Fotosíntesis. Confección de un herbario. 
538 |a Soporte: VHS - Norma: Pal N - Color - Compra CEMS - Hitachi=1170 
110 2 |a Videopedia Britannica. 
082 5 8 |/ VID 
653 |a BOTANICA 
653 |a JARDINERIA 
653 |a FLORICULTURA 
653 |a HOJAS 
653 |a FOTOSINTESIS 
653 |a HERBARIO 
653 |a CLOROFILA 
653 |a NIVEL SECUNDARIO 
859 |a CEMS  |b BIB. CEMS - Depto. Recursos Didacticos  |h 580  |i VID  |k DRD  |p 290.12  |t Ej.1